Introduction: comparative perspectives on professional groups. Current issues and critical debates /
Se introduce el tema del análisis comparativo de diversos grupos profesionales para explorar las influencias políticas, sociales y económicas que moldean las profesiones en varios países, y así descubrir nuevas dimensiones del trabajo. Se realizó una revisión de la literatura existente sobre grupos...
Gardado en:
| Autor Principal: | |
|---|---|
| Outros autores: | , |
| Formato: | Texto |
| Materias: | |
| Etiquetas: |
Engadir etiqueta
Sen Etiquetas, Sexa o primeiro en etiquetar este rexistro!
|
MARC
| LEADER | 00000 a a2200000 04500 | ||
|---|---|---|---|
| 001 | 4799 | ||
| 003 | |||
| 040 | |||
| 100 | |a Lynn Bourgeaul, Ivy | ||
| 245 | |a Introduction: |b comparative perspectives on professional groups. Current issues and critical debates / |c Ivy Lynn Bourgeaul | ||
| 520 | |a Se introduce el tema del análisis comparativo de diversos grupos profesionales para explorar las influencias políticas, sociales y económicas que moldean las profesiones en varios países, y así descubrir nuevas dimensiones del trabajo. Se realizó una revisión de la literatura existente sobre grupos profesionales y se compararon países, profesiones, metodologías y áreas de contenido. Se procura entender las dinámicas que afectan a estas naciones y grupos de trabajadores, priorizar los artículos con una metodología descentralizada que implique comparaciones de expertos de países distintos, y explorar los temas del contexto internacional, regulación profesional, relaciones entre profesionales y clientes, ética y nuevo profesionalismo. | ||
| 590 | |a EFU/MARZO2011 | ||
| 650 | |a ANALISIS COMPARATIVO | ||
| 650 | |a TRABAJADORES PROFESIONALES | ||
| 650 | |a RESEÑAS BIBLIOGRAFICAS | ||
| 700 | |a Benoit, Cecilia | ||
| 700 | |a Hirschkorn, Kristine | ||
| 773 | |g volumen 57, número 4; páginas 475-485 | ||
| 999 | |c 23234 |d 23234 | ||
